[Event "Titled Tuesday intern op 04th Jul Early"]
[Site "Chess.com INT"]
[Date "2023.07.04"]
[Round "2"]
[White "Ai, Evan Zihao"]
[Black "Bezerra, Natacio Goncalves"]
[Result "1-0"]
[WhiteElo "2159"]
[BlackElo "1991"]
[PlyCount "133"]
[EventDate "2023.07.04"]
[EventType "swiss (blitz)"]
[EventRounds "11"]
[EventCountry "USA"]
[SourceTitle "EXT 2024"]
[Source "ChessBase"]
[SourceDate "2023.10.10"]
[SourceVersion "1"]
[SourceVersionDate "2023.10.10"]
[SourceQuality "1"]

1. d4 d5 2. c4 c6 3. Nc3 Nf6 4. cxd5 cxd5 5. Bf4 Nc6 6. e3 Ne4 7. Nxe4 dxe4 8. Bc4 g6 9. Ne2 Bg7 10. 0-0 0-0 11. a3 Bg4 12. h3 Bxe2 13. Qxe2 Rc8 14. Rac1 e5 15. dxe5 Nxe5 16. Rfd1 Qb6 17. b4 Nxc4 18. Rxc4 Rxc4 19. Qxc4 Rd8 20. Rxd8+ Qxd8 21. Qxe4 Qd1+ 22. Kh2 h6 23. Qxb7 g5 24. Bg3 Qa4 25. Qc8+ Kh7 26. Qf5+ Kg8 27. Qa5 Qd7 28. Qc7 Qa4 29. Qa5 Qd7 30. a4 h5 31. Qxg5 Qxa4 32. Qa5 Qd7 33. b5 Bf6 34. b6 h4 35. Bf4 axb6 36. Qxb6 Kg7 37. Qc5 Qe6 38. Qh5 Kf8 39. Qg4 Qc6 40. Qf5 Kg7 41. e4 Qb6 42. e5 Be7 43. Be3 Qc7 44. g4 hxg3+ 45. Kxg3 Qb7 46. Bg5 Bxg5 47. Qxg5+ Kf8 48. Qd8+ Kg7 49. Qf6+ Kf8 50. h4 Qh1 51. Qh6+ Ke7 52. Qg5+ Kf8 53. h5 Qg1+ 54. Kh4 Qxf2+ 55. Qg3 Qf5 56. h6 Qe4+ 57. Kh5 Qh1+ 58. Kg5 Qc1+ 59. Qf4 Qg1+ 60. Kh5 Qh1+ 61. Kg4 Qg1+ 62. Qg3 Qd4+ 63. Kh5 Qe4 64. Qg7+ Ke7 65. h7 Qf5+ 66. Qg5+ Qxg5+ 67. Kxg5 1-0

[Event "Titled Tuesday intern op 27th Jun Late"]
[Site "Chess.com INT"]
[Date "2023.06.27"]
[Round "1"]
[White "Bezerra, Natacio Goncalves"]
[Black "Droin, Augustin"]
[Result "0-1"]
[WhiteElo "1991"]
[BlackElo "2452"]
[PlyCount "96"]
[EventDate "2023.06.27"]
[EventType "swiss (blitz)"]
[EventRounds "11"]
[EventCountry "USA"]
[SourceTitle "EXT 2024"]
[Source "ChessBase"]
[SourceDate "2023.10.10"]
[SourceVersion "1"]
[SourceVersionDate "2023.10.10"]
[SourceQuality "1"]

1. e4 c5 2. Nf3 d6 3. Bb5+ Nd7 4. a4 Ngf6 5. Nc3 g6 6. 0-0 Bg7 7. d4 cxd4 8. Nxd4 0-0 9. Re1 a6 10. Bf1 Qc7 11. h3 b6 12. Be3 Bb7 13. f3 Ne5 14. Bd3 Rac8 15. Qe2 Nc4 16. Bxc4 Qxc4 17. Qxc4 Rxc4 18. Nce2 d5 19. e5 Nd7 20. f4 e6 21. c3 Rc7 22. a5 b5 23. Rec1 Rfc8 24. Nc2 Bh6 25. g3 Nc5 26. Bxc5 Rxc5 27. Ned4 g5 28. f5 g4 29. Rd1 gxh3 30. Kh2 exf5 31. Nxf5 Bg7 32. Nxg7 Kxg7 33. Kxh3 d4 34. Nxd4 Rxe5 35. Rf1 Rcc5 36. Rf4 Rh5+ 37. Rh4 Rce5 38. Rf1 Bc8+ 39. Kg2 Rxh4 40. gxh4 f5 41. Kg3 Kf6 42. Rf2 Re4 43. Re2 Rg4+ 44. Kh3 f4 45. Nf3 Rg3+ 46. Kh2 Rxf3 47. h5 Rh3+ 48. Kg2 f3+ 0-1

[Event "Titled Tuesday intern op 27th Jun Late"]
[Site "Chess.com INT"]
[Date "2023.06.27"]
[Round "6"]
[White "Hartikainen, Jarmo"]
[Black "Bezerra, Natacio Goncalves"]
[Result "1-0"]
[WhiteElo "2108"]
[BlackElo "1991"]
[PlyCount "47"]
[EventDate "2023.06.27"]
[EventType "swiss (blitz)"]
[EventRounds "11"]
[EventCountry "USA"]
[SourceTitle "EXT 2024"]
[Source "ChessBase"]
[SourceDate "2023.10.10"]
[SourceVersion "1"]
[SourceVersionDate "2023.10.10"]
[SourceQuality "1"]

1. e4 c6 2. d4 d5 3. Nc3 dxe4 4. Nxe4 Bf5 5. Ng3 Bg6 6. h4 h6 7. Bc4 Nf6 8. N1e2 e6 9. Nf4 Bh7 10. 0-0 Bd6 11. Nxe6 fxe6 12. Bxe6 Bg8 13. Bxg8 Rxg8 14. Re1+ Kf7 15. c4 Nbd7 16. Qf3 Re8 17. Bd2 Kg8 18. a3 Qc7 19. Nf5 Rxe1+ 20. Rxe1 Rf8 21. c5 Bh2+ 22. Kh1 Nd5 23. Qg4 Kh7 24. Qxg7# 1-0

[Event "Titled Tuesday intern op 06th Jun Late"]
[Site "Chess.com INT"]
[Date "2023.06.06"]
[Round "6"]
[White "Bezerra, Natacio Goncalves"]
[Black "Manon Og, Ramon Jr"]
[Result "0-1"]
[WhiteElo "1991"]
[BlackElo "1991"]
[PlyCount "76"]
[EventDate "2023.06.06"]
[EventType "swiss (blitz)"]
[EventRounds "11"]
[EventCountry "USA"]
[SourceTitle "EXT 2024"]
[Source "ChessBase"]
[SourceDate "2023.10.10"]
[SourceVersion "1"]
[SourceVersionDate "2023.10.10"]
[SourceQuality "1"]

1. e4 c5 2. Nf3 d6 3. Bb5+ Nd7 4. a4 Ngf6 5. Nc3 a6 6. Be2 e5 7. 0-0 Be7 8. a5 0-0 9. d3 h6 10. h3 Re8 11. Bd2 Nf8 12. Na4 Ne6 13. Nb6 Rb8 14. c3 Bf8 15. Be3 Nd7 16. Nd5 Nf6 17. Nb6 Nd7 18. Nd5 Nc7 19. c4 Nxd5 20. cxd5 Nf6 21. Nd2 Nh7 22. Nc4 f5 23. f3 f4 24. Bf2 Qg5 25. Kh2 Nf6 26. Qb3 Nh5 27. Qb6 Ng3 28. Rfe1 Qg6 29. Bxc5 Nxe2 30. Rxe2 Qg3+ 31. Kh1 dxc5 32. d6 Bxh3 33. Qxc5 Rbc8 34. Qd5+ Be6 35. Qxb7 Bxc4 36. dxc4 Bxd6 37. Qxa6 Bc5 38. Qb5 Qh4# 0-1

[Event "Titled Tuesday intern op 06th Jun Late"]
[Site "Chess.com INT"]
[Date "2023.06.06"]
[Round "11"]
[White "Figorito, Nick"]
[Black "Bezerra, Natacio Goncalves"]
[Result "0-1"]
[WhiteElo "2036"]
[BlackElo "1991"]
[PlyCount "148"]
[EventDate "2023.06.06"]
[EventType "swiss (blitz)"]
[EventRounds "11"]
[EventCountry "USA"]
[SourceTitle "EXT 2024"]
[Source "ChessBase"]
[SourceDate "2023.10.10"]
[SourceVersion "1"]
[SourceVersionDate "2023.10.10"]
[SourceQuality "1"]

1. Nf3 Nf6 2. g3 d5 3. Bg2 c6 4. 0-0 Bf5 5. d4 e6 6. Nbd2 Ne4 7. Nxe4 Bxe4 8. Bf4 Nd7 9. c3 Nf6 10. Qb3 Qb6 11. Nd2 Bxg2 12. Kxg2 Be7 13. Bg5 h6 14. Bxf6 Bxf6 15. Qxb6 axb6 16. e4 b5 17. exd5 exd5 18. a3 0-0 19. Rfe1 Rfe8 20. f3 b6 21. Nb3 Kf8 22. Kf2 g5 23. Rxe8+ Kxe8 24. Re1+ Kd7 25. g4 Re8 26. Rxe8 Kxe8 27. Ke3 Kd7 28. h3 Kd6 29. Kd3 c5 30. Nd2 Ke6 31. Nf1 Be7 32. Ne3 Bd6 33. Nf5 h5 34. Ng7+ Kf6 35. Nxh5+ Kg6 36. Ke3 Bh2 37. f4 cxd4+ 38. cxd4 Bg1+ 39. Kf3 Bxd4 40. f5+ Kh7 41. b3 Bb2 42. a4 bxa4 43. bxa4 Bd4 44. Ke2 Be5 45. Kd3 Kg8 46. Ke3 Kf8 47. Kd3 Ke7 48. Ke3 Kd6 49. Kd3 Kc5 50. f6 Kb4 51. Ng7 Kxa4 52. Nf5 b5 53. h4 gxh4 54. Nxh4 b4 55. g5 b3 56. Nf3 Ka3 57. Nxe5 Ka2 58. Nc6 b2 59. Nb4+ Kb3 60. Nxd5 b1Q+ 61. Kd4 Qd1+ 62. Ke5 Qe2+ 63. Kf5 Qe6+ 64. Kf4 Qxd5 65. Kg4 Qe6+ 66. Kh5 Qf5 67. Kh4 Qg6 68. Kg4 Kc4 69. Kf4 Kd5 70. Kg4 Ke5 71. Kh4 Kf4 72. Kh3 Qxg5 73. Kh2 Kf3 74. Kh1 Qg2# 0-1

[Event "Titled Tuesday intern op 30th May Late"]
[Site "Chess.com INT"]
[Date "2023.05.30"]
[Round "8"]
[White "Alexikov, Alexander"]
[Black "Bezerra, Natacio Goncalves"]
[Result "1-0"]
[WhiteElo "2209"]
[BlackElo "1991"]
[PlyCount "157"]
[EventDate "2023.05.30"]
[EventType "swiss (blitz)"]
[EventRounds "11"]
[EventCountry "USA"]
[SourceTitle "CBM 214 Extra"]
[Source "ChessBase"]
[SourceDate "2023.07.31"]
[SourceVersion "1"]
[SourceVersionDate "2023.07.31"]
[SourceQuality "1"]

1. e4 c6 2. d4 d5 3. e5 Bf5 4. h4 h5 5. Ne2 e6 6. Ng3 Bg6 7. Be2 c5 8. c3 Nc6 9. Be3 Qb6 10. Qb3 c4 11. Qxb6 axb6 12. Nd2 Nge7 13. a3 Nf5 14. Nxf5 Bxf5 15. Nf1 b5 16. Rd1 Na5 17. Ng3 Bg6 18. 0-0 Be7 19. Bg5 Nb3 20. Bxe7 Kxe7 21. f4 Ra7 22. f5 Bxf5 23. Nxf5+ exf5 24. Rxf5 g6 25. Rf4 b6 26. Kf2 Rf8 27. Ke3 f6 28. Rdf1 f5 29. g4 hxg4 30. Bxg4 Rh8 31. Be2 Rh6 32. h5 gxh5 33. Rxf5 Ra8 34. Bxh5 Rg8 35. Rf7+ Ke6 36. R1f6+ Rxf6 37. Rxf6+ Ke7 38. Rxb6 Nc1 39. Rxb5 Rg3+ 40. Bf3 Nd3 41. Rxd5 Ne1 42. Kf2 Rxf3+ 43. Kxe1 Rh3 44. a4 Rh2 45. Rb5 Rh1+ 46. Kd2 Ra1 47. a5 Ke6 48. Ke3 Re1+ 49. Kf2 Ra1 50. Kf3 Rf1+ 51. Ke2 Ra1 52. Kd2 Ra2 53. Kc2 Ra1 54. b4 Ra2+ 55. Kb1 Ra3 56. Kb2 Rb3+ 57. Kc2 Ra3 58. Rc5 Ra2+ 59. Kb1 Rh2 60. b5 Rh3 61. Kb2 Rh2+ 62. Ka3 Rh1 63. Kb4 Rb1+ 64. Kxc4 Ra1 65. Rc6+ Kf5 66. a6 Ke4 67. e6 Ra4+ 68. Kb3 Ra1 69. e7 Kd3 70. e8Q Rb1+ 71. Ka4 Ra1+ 72. Kb4 Rb1+ 73. Ka5 Ra1+ 74. Kb6 Re1 75. Qg6+ Kd2 76. c4 Re4 77. d5 Rd4 78. d6 Rd3 79. c5 1-0

[Event "Titled Tuesday intern op 11th Apr Early"]
[Site "Chess.com INT"]
[Date "2023.04.11"]
[Round "9"]
[White "Alahakoon, Isuru"]
[Black "Bezerra, Natacio Goncalves"]
[Result "0-1"]
[WhiteElo "1874"]
[BlackElo "1991"]
[PlyCount "108"]
[EventDate "2023.04.11"]
[EventType "swiss (blitz)"]
[EventRounds "11"]
[EventCountry "USA"]
[SourceTitle "CBM 213 Extra"]
[Source "ChessBase"]
[SourceDate "2023.05.31"]
[SourceVersion "1"]
[SourceVersionDate "2023.05.31"]
[SourceQuality "1"]

1. Nf3 d5 2. e3 Nf6 3. c4 c6 4. d4 a6 5. Nc3 Bf5 6. cxd5 cxd5 7. Ne5 h5 8. Qb3 Ra7 9. Be2 e6 10. 0-0 Nfd7 11. Rd1 f6 12. Nf3 Nc6 13. Nh4 Na5 14. Qa4 b5 15. Bxb5 axb5 16. Nxb5 Ra8 17. Nxf5 exf5 18. Bd2 Nb7 19. Qxa8 Qxa8 20. Nc7+ Kf7 21. Nxa8 Bd6 22. Bb4 Rxa8 23. Bxd6 Nxd6 24. Rdc1 Nb5 25. a4 Nd6 26. Rc7 Ke6 27. b4 g5 28. a5 Nc4 29. Rc6+ Ke7 30. a6 Ra7 31. b5 Ndb6 32. Kf1 h4 33. Ke2 g4 34. Kd3 Nd7 35. Rxc4 dxc4+ 36. Kxc4 Kd6 37. Kb4 Nb6 38. Rc1 Rc7 39. Ra1 Ra7 40. Ra2 Nd5+ 41. Ka5 Nc7 42. Rc2 Ra8 43. Rc6+ Kd7 44. Rxf6 Nd5 45. Rxf5 Nc3 46. Rh5 Rb8 47. Rh7+ Kd6 48. b6 Kc6 49. b7 Nd5 50. Rxh4 Nc7 51. Rh6+ Kd5 52. a7 Rxb7 53. Rh5+ Kc4 54. a8Q Rb5+ 0-1

[Event "Titled Tuesday intern op 7th Mar Early"]
[Site "Chess.com INT"]
[Date "2023.03.07"]
[Round "3"]
[White "Bezerra, Natacio Goncalves"]
[Black "Dishman, Stephen"]
[Result "0-1"]
[WhiteElo "1991"]
[BlackElo "2274"]
[PlyCount "84"]
[EventDate "2023.03.07"]
[EventType "swiss (blitz)"]
[EventRounds "11"]
[EventCountry "USA"]
[SourceTitle "EXT 2024"]
[Source "ChessBase"]
[SourceDate "2023.10.10"]
[SourceVersion "1"]
[SourceVersionDate "2023.10.10"]
[SourceQuality "1"]

1. e4 c5 2. Nf3 g6 3. c4 Nc6 4. d4 cxd4 5. Nxd4 Nf6 6. Nc3 d6 7. Be2 Nxd4 8. Qxd4 Bg7 9. Be3 0-0 10. Qd2 a5 11. b3 a4 12. 0-0 Qa5 13. f3 Bd7 14. Rac1 axb3 15. axb3 Rfc8 16. Kh1 Bc6 17. f4 Nxe4 18. Nxe4 Bxe4 19. Bf3 Qxd2 20. Bxd2 Bxf3 21. Rxf3 Ra2 22. Bc3 Rca8 23. h3 Bxc3 24. Rfxc3 Rb2 25. Re3 Raa2 26. Rxe7 Rxg2 27. Rxb7 Rh2+ 28. Kg1 Rag2+ 29. Kf1 Rg3 30. Re1 Rh1+ 31. Kf2 Rgxh3 32. Re8+ Kg7 33. Ree7 R1h2+ 34. Kg1 g5 35. Rxf7+ Kg6 36. Rg7+ Kf5 37. Rxg5+ Kxf4 38. Rgg7 Rh1+ 39. Kg2 R1h2+ 40. Kg1 Rb2 41. Rxh7 Rc3 42. Rh4+ Kg5 0-1

[Event "Titled Tuesday intern op 7th Mar Early"]
[Site "Chess.com INT"]
[Date "2023.03.07"]
[Round "4"]
[White "Bezerra, Natacio Goncalves"]
[Black "Prieto Aranguren, Alain"]
[Result "1-0"]
[WhiteElo "1991"]
[BlackElo "2267"]
[PlyCount "135"]
[EventDate "2023.03.07"]
[EventType "swiss (blitz)"]
[EventRounds "11"]
[EventCountry "USA"]
[SourceTitle "EXT 2024"]
[Source "ChessBase"]
[SourceDate "2023.10.10"]
[SourceVersion "1"]
[SourceVersionDate "2023.10.10"]
[SourceQuality "1"]

1. e4 c6 2. d4 d5 3. e5 c5 4. dxc5 Nc6 5. Nf3 Bg4 6. Bb5 e6 7. h3 Bxf3 8. Qxf3 Bxc5 9. 0-0 Nge7 10. Bg5 0-0 11. c4 Nxe5 12. Qg3 Nxc4 13. Bxc4 dxc4 14. Rd1 Qb6 15. Nd2 Nf5 16. Qc3 Bxf2+ 17. Kh2 Rac8 18. Nxc4 Bg3+ 19. Kh1 Qc6 20. Rac1 Bb8 21. Rd3 b5 22. Nd2 Qxc3 23. Rcxc3 Rxc3 24. bxc3 Rc8 25. Ne4 h6 26. Bd2 Kh7 27. Rd7 Kg6 28. g4 Nh4 29. Nd6 Bxd6 30. Rxd6 a5 31. Rd3 b4 32. cxb4 axb4 33. Bxb4 Rc2 34. Be1 Ng2 35. Bg3 f5 36. gxf5+ exf5 37. a4 f4 38. Bxf4 Nxf4 39. Rg3+ Kf5 40. Ra3 g5 41. a5 Rc7 42. a6 Ra7 43. Kh2 h5 44. Kg3 Ne6 45. Ra5+ Kf6 46. Kf3 Nd4+ 47. Ke4 Nc6 48. Ra1 Re7+ 49. Kd5 Na7 50. Rf1+ Kg6 51. Kd6 Re3 52. Ra1 g4 53. h4 g3 54. Kc7 g2 55. Kb7 Re7+ 56. Kb6 Kf5 57. Rg1 Rg7 58. Rxg2 Kf6 59. Rxg7 Kxg7 60. Kxa7 Kf6 61. Kb7 Kf5 62. a7 Kg4 63. a8Q Kxh4 64. Qa1 Kg3 65. Qh1 h4 66. Kc6 h3 67. Kd5 h2 68. Kd4 1-0

[Event "Titled Tuesday intern op 7th Mar Early"]
[Site "Chess.com INT"]
[Date "2023.03.07"]
[Round "7"]
[White "Bezerra, Natacio Goncalves"]
[Black "Tharushi, THD Niklesha"]
[Result "1-0"]
[WhiteElo "1991"]
[BlackElo "1570"]
[PlyCount "47"]
[EventDate "2023.03.07"]
[EventType "swiss (blitz)"]
[EventRounds "11"]
[EventCountry "USA"]
[SourceTitle "EXT 2024"]
[Source "ChessBase"]
[SourceDate "2023.10.10"]
[SourceVersion "1"]
[SourceVersionDate "2023.10.10"]
[SourceQuality "1"]

1. e4 c5 2. Nf3 d6 3. Bb5+ Bd7 4. Bxd7+ Nxd7 5. 0-0 Ngf6 6. Qe2 g6 7. c3 Bg7 8. d4 cxd4 9. cxd4 0-0 10. Nc3 e5 11. Bg5 h6 12. Bh4 g5 13. Bg3 Qe7 14. Rfd1 Rfe8 15. dxe5 dxe5 16. Rac1 a6 17. Nd5 Nxd5 18. Rxd5 Nb6 19. Rdc5 Rac8 20. Qe3 f6 21. Qb3+ Kh7 22. Qxb6 Rxc5 23. Qxc5 Rd8 24. Qxe7 1-0

[Event "Titled Tuesday intern op 7th Mar Early"]
[Site "Chess.com INT"]
[Date "2023.03.07"]
[Round "8"]
[White "Clawitter, Craig"]
[Black "Bezerra, Natacio Goncalves"]
[Result "1-0"]
[WhiteElo "2050"]
[BlackElo "1991"]
[PlyCount "67"]
[EventDate "2023.03.07"]
[EventType "swiss (blitz)"]
[EventRounds "11"]
[EventCountry "USA"]
[SourceTitle "EXT 2024"]
[Source "ChessBase"]
[SourceDate "2023.10.10"]
[SourceVersion "1"]
[SourceVersionDate "2023.10.10"]
[SourceQuality "1"]

1. e4 c6 2. d4 d5 3. e5 Bf5 4. Nf3 e6 5. Be2 Nd7 6. 0-0 Ne7 7. Nbd2 Bg6 8. Nb3 Nf5 9. c4 dxc4 10. Bxc4 Nb6 11. Be2 Nd5 12. Bg5 Be7 13. Bxe7 Qxe7 14. Rc1 0-0 15. Nc5 Rfd8 16. Qb3 Nb6 17. Rfd1 h6 18. a4 Rab8 19. a5 Nd5 20. a6 b6 21. Ne4 Rbc8 22. g4 Nh4 23. Nd6 Rc7 24. Bc4 Nxf3+ 25. Qxf3 Kh8 26. Bd3 Bxd3 27. Rxd3 c5 28. dxc5 bxc5 29. Rcd1 Qg5 30. Nxf7+ Rxf7 31. Qxf7 Qxg4+ 32. Kh1 Nf4 33. Rg1 Qf5 34. Qxg7# 1-0